[Event "Quebec Open"]
[Site "Longueuil"]
[Date "2018.07.28"]
[Round "9"]
[White "Upper, John"]
[Black "Huang, Qiuyu"]
[Result "1-0"]
[WhiteElo "2206"]
[BlackElo "2253"]
[Annotator "John Upper"]
[PlyCount "117"]
[EventDate "2018.07.28"]
[EventType "game"]
[EventCountry "CAN"]

{[%mdl 32768]} {This was the final round of the Quebec Open. My opponent was a
young FM, who had beaten GM Sambuev in round 4. This round started early, and
Black was 26 min late.} 1. c4 e6 2. Nc3 d5 3. e3 Nf6 4. Nf3 c5 5. cxd5 Nxd5 6.
Bc4 {[#]My opponent spent some time here.} Nb6 {The N gains a tempo off the
Bc4, but is not well-placed on b6. This move is not in DC REP, which has} (6...
Be7 7. O-O O-O 8. d4 cxd4 9. exd4 {with a standard IQP position after} Nc6 ({
or hanging pawns after} 9... Nxc3)) 7. Be2 Nc6 8. d4 Bd7 $6 {Trying to prevent
a Q exchange if dxc5?} 9. O-O a6 $6 {[%mdl 64] [#]Critical Position} 10. dxc5
$1 $16 {Maybe unexpected by my opponent. The possibility of using Ns to chase
the B-pair is an idea I remembered from some QGA lines, and it worked here.
White allows the Bf8 to develop in one move, but to a vulnerable square.} Bxc5
11. Ne4 $1 Qe7 (11... Be7 12. Nd6+ Bxd6 13. Qxd6 $16 {with at least the B-pair
and an open center.}) 12. a3 $16 (12. Nxc5 $142 Qxc5 13. e4 $16 {Threatening
to skewer with Be3; but I didn't see this idea until after Black's next.})
12... f5 13. Nxc5 Qxc5 {[#]} 14. e4 $1 {Stockfish 11 and Leelenstein 13 both
rate this position as more than +2.} Nc8 (14... fxe4 15. Be3 Qe7 16. Ng5 Nd5
17. Nxe4 Nxe3 18. fxe3 $18) 15. Be3 Qe7 16. exf5 (16. Rc1 {developing and
supporting Bc5.} fxe4 17. Ng5 $18 (17. Bg5 $2 exf3 $1 $14) 17... O-O 18. Nxe4
$18 {Black's pawn structure is worse and White's minors dominate the central
dark squares.}) 16... exf5 $6 {[#] This should simply lose to e-file tactics;
but it seems the effort to find one incisive move (14.e4) has exhausted White,
who now drifts with a series of generically "good" moves, each of which helps
fritter away a winning advantage.} 17. Rc1 (17. Bc4 $142 Be6 (17... Qd6 18. Re1
$18) 18. Bg5 $18) 17... Qf6 18. Qd2 $6 (18. Re1 $142) (18. Bg5 $142) 18... N8e7
19. Rfd1 $6 (19. Bg5 $1 {not sure I considered this here}) 19... Be6 {[#]
White has many attractive ways to finish, but lazily trades some of Black's
loose pieces.} (19... O-O-O $2 20. Bb6 $18) 20. Bc4 $2 (20. Rxc6 $142 $5 Nxc6
21. Bg5 $8 Qf7 (21... Rd8 22. Bd3 $8 $18) 22. Qd6 $1 {threatening Ne5, and
even Bxa6.}) (20. Bg5 $142 Qf7 21. Qd6 (21. Rxc6 {as above}) 21... Rd8 22. Rxc6
$3 Rxd6 23. Rcxd6 O-O 24. Ne5 Qe8 $8 25. Rxe6 $18) 20... Rd8 $1 21. Qe2 Rxd1+
$6 22. Rxd1 Bxc4 23. Qxc4 Qf7 24. Qxf7+ $2 {Trading an exposed Q for an active
one?} (24. Qe2 $142 O-O 25. Bc5 $18 {with a material-winning bind.}) 24... Kxf7
{[#]White has squandered a position with an winning development advantage and
central domination against an uncastled K, and reached a slightly favourable
endgame. Apparently, I play like Ulf Anderson when I should play like Paul
Keres.   Luckily for me, Ulf Anderson wins these kind of positions :)} 25. Bb6
$14 {Controlling the open file, when tactics would have let me block in the
Rh8. This isn't bad, but better was} (25. Ng5+ $1 Kg6 $2 (25... Ke8 $1 $16 {
and Black is still without the R.}) (25... Kf6 26. Rd6+ Ke5 27. Nf7+ $18) 26.
Rd6+ Kh5 27. Ne6 $18) 25... Ke6 $2 26. Ng5+ $1 Kf6 27. f4 Nc8 {[#]} 28. Re1 $1
{Now that most of the pieces are gone I start to see the tactics.} Kg6 $1 (
28... g6 29. Re6+ Kg7 30. Rxc6 $1 bxc6 31. Bd4+ Kg8 32. Bxh8 Kxh8 33. Ne6 $16)
29. Bc5 Rd8 30. Re6+ $1 Kh5 31. Nxh7 Rd5 32. b4 a5 33. h3 $1 axb4 34. axb4 Nd4
35. Re8 $8 Nd6 36. Rd8 $1 N4b5 37. Ng5 (37. Rd7 $142) 37... Rd2 {[#]} 38. Nf3 (
38. Rh8+ $5 Kg6 39. h4 $18 {[%csl Rg7][%cal Gh4h5,Gh8f8,Gf8f7,Rf7g7] threatens
h5+, followed by Rf8-f7-(pin)-xg7.}) 38... Rd1+ 39. Kh2 Kg6 40. Ne5+ Kf6 41.
Rd7 (41. Nc4 $1 {would transpose to a winning Kp ending. Either I was too lazy
to calculate this to the win, or I was enjoying tormenting my time-trouble
plagued opponent. Either way: not flattering.}) 41... Rd2 42. Be3 $6 {The c5
square really is perfect for the B.} Rc2 43. Bb6 g6 44. Bd8+ Ke6 45. Rg7 Kd5
46. Rxg6 Ke4 47. Kg3 $6 Rc3+ 48. Nf3 Kd5 49. Be7 Ne4+ 50. Kh4 Rc7 (50... Rc8
51. Kh5 $18 (51. g4 $4 Rh8+)) 51. Bf8 $1 Rf7 52. Bg7 $1 Nbd6 53. Ng5 $1 Re7 {
[#]White's up two pawns and has a choice of ways to force off the pieces:} 54.
Be5 (54. Nxe4 fxe4 55. Rxd6+ $1 Kxd6 56. Bf8 $18) (54. Bf8 Rc7 55. Re6 $18)
54... b5 55. g4 Nc4 56. gxf5 Nxe5 (56... Nxg5 57. Kxg5 Nxe5 58. fxe5 Rxe5 59.
Re6 $18 {forces off the Rs.}) 57. fxe5 Kxe5 58. Nxe4 Kxf5 (58... Kxe4 59. Re6+
$18) 59. Rg4 1-0

[Event "RACC RR"]
[Site "Ottawa"]
[Date "2017.04.13"]
[Round "5"]
[White "Upper, John"]
[Black "Zhou, Qiyu"]
[Result "1-0"]
[WhiteElo "2142"]
[BlackElo "2331"]
[Annotator "John Upper"]
[PlyCount "81"]
[EventType "tourn"]
[EventRounds "2"]
[EventCountry "CAN"]

{The following game, and the one in the notes, were played in Ottawa against
two former Canadian Champions. Qiyu won the 2106 Canadian Women's Zonal; she's
now a WGM in her second year at the UofT.} 1. c4 e5 2. Nc3 Nc6 3. e3 Bc5 {
This is more common -- and probably better -- against g3 English lines. Here
it's exposed and White can chase it down or push it out of play. I had faced
this many times in online games, and remembered (more or less) what to do.} 4.
Nf3 d6 5. d4 exd4 6. exd4 Bb6 7. b4 {[#]} a5 ({Also in DC} 7... a6 8. c5 Ba7 9.
b5 axb5 10. Bxb5 $14 Bd7 11. O-O Nge7 12. d5 Ne5 (12... Nb4) 13. Nxe5 dxe5 14.
Be3 $14 {"better for White as the a7 Bishop is out of play" - DC}) ({Obviously
not} 7... Nxb4 $4 8. Qa4+ Nc6 9. d5 $18) 8. b5 Nce7 9. Na4 Ba7 {[#]} 10. Bb2 $6
$146 {The long diagonal looks like the natural place for the B, but it
concedes f4 to Black. In fact, the Bc1 is already developed where it stands.
The deviates from DC, and not in a good way. I remembered there was a pawn sac
like this in the repertoire, but I didn't check it or remember it well enough
to try during the game.} ({DC REP} 10. Bd3 $146 Bg4 11. b6 Bxb6 (11... cxb6 $5
{is what I was worried about during the game, though White is a bit better
here too after something like} 12. Nc3 d5 13. cxd5 Nf6) 12. Nxb6 cxb6 13. O-O {
"with an advantage for White" - DC REP White has sac'ed a pawn for the B pair
and play against Black's ragged structure. The neural nets rate this position
as +/=/+/-, SF11 a bit less.}) 10... Nf6 11. Bd3 O-O 12. h3 Ng6 13. O-O Nf4 {
[#]Taking advantage of the misplaced Bb2.} 14. Qd2 (14. Re1 Bxh3 $2 {not good,
but I knew my opponent would be tempted} 15. gxh3 Nxh3+ 16. Kf1 $8 Ng4 17. Bf5
$1 Nhxf2 18. Qd2 {Black has three pawns for the B, but her attack is over and
her own kingside will come under pressure soon, not to mention the
still-out-of-play Ba7.}) 14... N6h5 15. Rfe1 Qf6 $11 16. Be4 {[#] 26 minutes
on this move. It took me at least 10 min to see that Black threatened ...Nxh3+,
which did not bode well for the coming complications.} (16. Re3 Nxd3 17. Qxd3
Nf4 18. Qe4 $1 $11) 16... Bf5 (16... Re8 $5 {invites tactics, all of which
seem to be good for Black, and which White should decline with 17.Qc2.} 17.
Bxh7+ $4 (17. d5 {freeing the Ba7 is strategically bad, but it might be worth
it if White wins material. In fact, White wins a lot of material here... but
loses!} Qh6 $1 18. Bxh7+ Kxh7 19. Rxe8 Bxh3 $3 20. Rxa8 Ng3 $8 $19 {
threatening both ...Bxg2 and ...Nge2.}) (17. Qc2 $1 g6 $14) 17... Kxh7 18. Rxe8
Qg6 $8 (18... Nxg2 $4 {19.Nh4 -2.14} 19. Ng5+ $8 $18) 19. Nh4 $8 (19. Ne1 $2
Nxg2 $19 20. Nxg2 Bxh3 $19) 19... Qg5 $19 20. Qc2+ g6 21. d5 Bf5 $1 {stopping
mate on h8 and attacking the Q.} 22. Rxa8 f6 $8 $19) 17. Bxf5 $6 (17. d5 $4 Qg6
$8 $19 18. Nh4 Qg5 $1 19. Bxf5 Nxh3+ $19 {wins the Q.}) (17. Kh2 Bxe4 18. Rxe4
Nxh3 $2 19. Kxh3 $1 Qf5+ 20. Rg4 Nf6 21. Qg5 Qxg4+ 22. Qxg4 Nxg4 23. Kxg4 $16)
17... Qxf5 18. Re3 Qg6 19. Ne1 {[#]} d5 $2 {Black can't expect White to take
this, and now White's queenside pawns become useful.} (19... Rae8 $15) 20. c5 (
20. cxd5 Nxd5 21. Rf3 $11 {White's R and N look reversed, but arguably all six
minor pieces are misplaced except the Nd5.}) 20... Qg5 {Threatening ...Nxh3.} (
20... c6 $5 21. b6 Bb8 {concedes the a5 pawn to White, but Black is all in on
the kingside anyway.}) 21. Rd1 {Defends the Q, though the weird-looking Bc1!
would do the same with a threat, and bring the B back to a better diagonal.} f5
$6 {[#] Black would like to play ...Rf6-g6, but doesn't get the chance.} 22. b6
$1 $14 cxb6 {This trade opens the a3-f8 diagonal, but Black didn't have a
choice:} (22... Bb8 $2 23. c6 $1 $18 bxc6 24. b7 Ra7 25. Ba3 $1 $18) 23. cxb6
Bb8 24. Ba3 Rc8 25. Nc5 Qg6 26. Qb2 (26. Nd7 $142 $1 {is a better way to keep
the b6-pawn, as it also improves the Ba3, e.g.} a4 27. Bc5) 26... Rc6 27. Nd7 (
27. Qb5 $5 {After} Rxb6 $4 {I saw this} (27... Bd6 {is better.}) 28. Qe8+ ({
My opponent saw} 28. Re8+ Kf7 29. Qd7+ Kf6 30. Qe7#) 28... Qxe8 29. Rxe8+ Kf7
30. Rxb8 Rxb8 31. Nd7 $18) 27... Bd6 28. Rb1 $1 Rac8 (28... Re8 29. Rxe8+ $1
Qxe8 30. Bxd6 Rxd6 31. Ne5 $16) (28... Qg5 29. Bxd6 Rxd6 30. Ne5 $16) 29. Bxd6
Rxd6 30. Nc5 $5 {[#]} ({I wanted to keep the e-file open and threaten b7, but} 
30. Ne5 $16 {is more natural, safer, and probably better.}) 30... Qg5 $2 {
threatening ...Nxg2 then ...Rg6, but weakening e8 lets White's threats come
first. Blocking b5-e8 with a R was better.} (30... Rcc6 31. Qa3 $16 (31. Qb5 $1
$16) 31... Rc8 32. Re7 Rxb6 33. Rxb6 Qxb6 34. Qe3 Qd6 35. Nxb7 Qf6 36. g3 Kf8
37. Re5 Nxh3+ 38. Kg2 f4 39. Qf3 fxg3 40. fxg3 Qxf3+ 41. Nxf3 N3f4+ 42. gxf4
Rc2+ 43. Kf1 Nf6 44. Re2 Rc1+ 45. Ne1 Nh5 46. Re5) (30... Rdc6 31. Ncd3 $5 (31.
Qb5 h6 32. Kh2 $14 {White's better, but it's still tense.}) 31... Rc2 32. Qb5
$16) 31. Qb5 $1 $18 h6 32. Kh2 (32. Re8+ Rxe8 33. Qxe8+ Kh7 34. Nd7 $2 {
the only move I looked at here, which I didn't like after} Rxd7 $1 35. Qxd7
Nxh3+ (35... Nxg2 $4 36. Nf3 $8 Qg6 37. Kh2 $18) 36. Kf1 Nxf2 $11 (36... Nf6
$11)) (32. Nxb7 $142 $1 {looks like Kortchnoi-level greed -- and it is,
because White has defensive tactics to escape in all lines.} Rg6 33. Nd6 $3 (
33. Qd7 Nxg2 34. Qxc8+ Kh7 35. Qd8 $8 $18 {when any discovered check allows a
Q exchange, and} Nf6 {preserves the Qs but loses everything else after} 36. Rg3
$18) (33. Qf1 $16 {is the safest, but not best.}) 33... Nxg2 (33... Rxd6 34. b7
$18) 34. Qxd5+ Kh7 35. Qxg2 Qf6 36. Nxc8 $8 $18) 32... Rg6 {[%mdl 64] [#]
Critical Position} 33. g3 $4 {Not threatening the N (because of ....Qg1#), but
blocking the attack on g2.} (33. Qd7 $142 $1 Rd8 (33... Rf8 34. Qxb7 Nxg2 $2
35. Qxd5+ $18) (33... Nxg2 34. Qxc8+ Kh7 35. Ne6 Rxe6 36. Qxe6 Nxe1 37. Rbxe1
Nf4 {threatening mate and the Q, but} 38. Rg1 $18) 34. Qe7 $18) (33. Re8+ $142
Rxe8 34. Qxe8+ Kh7 35. Nd7 $1 $18 {I completely missed the N fork on f8.})
33... Kh7 $2 {Eliminates some of White's tactics, but not all.} (33... Nxh3 $8
$11 {I don't think I analyzed this at all. Based on her later moves, Black saw
it too late.} 34. Kxh3 $6 {shows Black's point} (34. Nf3 $11 Qg4 $8 35. Re8+ (
35. Ne5 Nxf2 $8 36. Qd7 $1 $13 Qh3+ 37. Kg1 Rxg3+ 38. Rxg3 Qxg3+ 39. Kf1 Qh3+ {
and Black should be able to force a draw.}) 35... Kh7 $8 (35... Rxe8 $4 36.
Qxe8+ Kh7 37. Ne5 $18 ({or} 37. Nd7 $18)) 36. Ne5 $8 Qxd4 $8 37. Rf1 (37. Ncd3
Nxf2 38. Nxg6 $11 {with a crazy-looking mess the computer shows is equal:} Ng4+
39. Kh3 Rc2 $1 40. Nf8+ Kg8 41. Ng6+ Kh7 42. Nf8+ $11)) 34... Qg4+ $1 (34... f4
$2 35. Qd7 $8 $11) 35. Kg2 $8 (35. Kh2 $2 f4 $8 {with a winning attack.}) 35...
f4 $40) 34. Nf3 $1 {Now the Q has to run and so the Nf4 is hanging.} Qd8 35.
Ne5 (35. gxf4 {also wins.}) 35... Nxh3 36. Nxg6 (36. Kxh3 $142 {was both much
simpler and objectively better.}) 36... Nxf2 {[#]We were both in time pressure
here, and both blundered.} 37. Ne5 $4 {Makes the N safe and stops the fork on
g4, but allows Black into the game.} (37. Rf1 $4 Ng4+ $19) (37. Re8 $2 Qxe8 38.
Qxe8 Rxe8 39. Ne5 Re7 $13) (37. Rf3 $142 $18) (37. Kg2 $142 Ng4 38. Re6 $18)
37... Qg5 $4 (37... f4 $8 $11 {Black is down a R but gets it all back after}
38. gxf4 (38. Rg1 fxe3 39. Qb1+ $1 Kg8 40. Qf5 $13) (38. Qd7 $11 {bails out.})
38... Qh4+ 39. Kg1 Nxf4 $13) 38. Qe2 $1 $18 f4 39. Qxf2 (39. gxf4 Qxf4+ (39...
Qh4+ 40. Kg1 $8 $18) 40. Kg2 Qxd4 41. Qxh5 $1 Qxe3 42. Qf5+ $18 {and takes on
c8 with check on this or the next move.}) 39... fxe3 40. Qg2 Rf8 41. Ne6 {
SUMMARY: White had an advantage out of the opening, and would have had a safer
advantage had I not deviated from the DC REP. Both players made game changing
mistakes in a complicated middlegame in time pressure.} 1-0

[Event "RA December Open"]
[Site "Ottawa"]
[Date "2018.12.07"]
[Round "1"]
[White "Upper, John"]
[Black "Sambuev, Bator"]
[Result "0-1"]
[WhiteElo "2212"]
[BlackElo "2569"]
[Annotator "John Upper"]
[PlyCount "58"]
[EventType "game"]
[EventCountry "CAN"]

{[%mdl 32768]} 1. c4 e5 2. Nc3 Nc6 3. e3 g6 {"Black wants to play a kind of
Closed Sicilian with colours reversed." - DC} 4. Nf3 (4. d4 d6 {Bator played:}
5. d5 (5. Nf3 {is the DC move order, but it transposes.}) 5... Nce7 6. h4 $14
f5 7. e4 {Black's KID kingside steamroller has nothing to target when White
hasn't castled into it.} Bh6 8. Bg5 $1 Bxg5 $2 9. hxg5 h5 10. Be2 (10. f4 $1)
10... fxe4 11. g4 h4 12. Nxe4 Bd7 13. f4 $1 exf4 14. Qd4 Rh7 15. Nh3 Nc8 16.
Nf6+ Nxf6 17. gxf6 Rf7 18. g5 $18 {(1-0, 24) Sambuev,B (2562)-Kraiouchkine,N 
(2265) Trois-Rivieres, 2011.}) 4... Bg7 5. d4 d6 {[#]} 6. dxe5 $6 {I don't
recall having made a decision to meekly play for boring equality, but it sure
looks like that playing through this now.  Wating until after ...Nf6 restricts
Black's recaptures on e5, as recc in DC.} (6. Be2 {DC REP} Nf6 (6... f5 7. O-O
e4 8. Nd2 Nf6 9. b4 $1 $14 {This is in DC, and since I used to play the French,
going into this "KIA-reversed" is something I'd be more than OK with.}) 7. dxe5
Nxe5 8. Nxe5 dxe5 9. Qxd8+ Kxd8 10. b3 $14 {"with reasonable chances for White,
for example" - DC} c6 11. Ba3 Bf5 12. O-O-O+ Kc8 13. h3 h5 14. g4 $1 {A nice
pawn sac, opening the h-file when the Ra8 can't join the fight.} hxg4 15. hxg4
Bxg4 16. Rxh8+ Bxh8 17. Be7 Bd7 $8 18. Rh1 Bg7 19. Bxf6 Bxf6 20. Ne4 Bd8 $8 21.
Rh7 $14 {and White threatens to simply win the f-pawn with a more active R;
which Black delayed by} Be8 22. Bg4+ $1 Kc7 (22... f5 $4 23. Nd6+ Kb8 24. Rxb7#
) 23. Be6 $1 Be7 24. Bxf7 $16 {(1-0, 63) Seirawan,Y (2555)-Sosonko,G (2595)
Bad Kissingen, 1981.}) 6... Nxe5 7. Nxe5 Bxe5 8. Bd2 Ne7 9. Be2 O-O 10. O-O (
10. h4 $5 {would be more gumptiony.}) 10... Nf5 (10... d5 $11) 11. Rc1 c6 (
11... h5 $6 12. f4 Bg7 13. e4 Nd4 14. f5 $36) 12. b3 Re8 13. g3 h5 14. Bf3 h4 {
[#]Black is struggling manfully for complications, while White is blithely
coasting within sight of equality. This may or may not be a recommendation for
White's opening.} 15. Ne2 $11 (15. g4 $1 {would have shown some gumption,} Ng7
16. h3 f5 17. Bg2 $14) 15... hxg3 16. hxg3 Ng7 17. Nf4 (17. Kg2 $142 {
preparing to use the h-file, here or on any of the next few moves...}) 17...
Ne6 18. Nxe6 Bxe6 19. Bc3 $6 Qf6 20. Bxe5 $6 dxe5 21. Qe2 a5 22. Rfd1 Kg7 23.
Bg4 $2 Rh8 $1 $17 {[#]} 24. Kg2 $4 {Worse late rather than never.} (24. Bxe6
Qxe6 25. e4 Qh3 26. Qf3 g5 27. Qg2 Qg4 28. f3 Qe6 $17 {ready to double on the
h-file;} 29. Kf2 a4 $17) 24... Bxg4 25. Qxg4 Rh2+ $8 $19 26. Kxh2 Qxf2+ 27. Kh3
Rh8+ 28. Qh4 Rxh4+ 29. gxh4 Qxe3+ {Unrecognizably bad play from me. Whatever
was going through my head during this game wass more like ear worms and
amyloid plaques than chess ideas.} 0-1

[Event "Ontario Open"]
[Site "Ottawa"]
[Date "2017.05.21"]
[Round "3"]
[White "Upper, John"]
[Black "Donev, Danail"]
[Result "0-1"]
[WhiteElo "2181"]
[BlackElo "1956"]
[Annotator "John Upper"]
[PlyCount "60"]
[EventDate "2017.05.21"]
[EventType "swiss"]
[EventCountry "CAN"]

{[%mdl 32768]} 1. c4 e5 2. Nc3 Nf6 3. Nf3 Nc6 4. e3 d5 5. cxd5 Nxd5 6. Bb5 Nxc3
7. bxc3 Bd7 (7... Bd6 {is the main move. One interesting continuation is} 8. d4
e4 9. Nd2 Qg5 10. Bf1 {continuing with g2-g3, Bg2 and eventual central
expansion. DC summarizes: "White has traded his early initiative (which
started with 6 Bb5) for a longer term structural advantage.".}) 8. d4 {[#]}
exd4 {More transpositions.} (8... Bd6 {is the only move in the DC REP.} 9. O-O
O-O 10. Be2 (10. Bxc6 Bxc6 11. dxe5 Bxf3 12. Qxf3 Bxe5 13. Ba3 c5 $5 14. Bxc5
Bxh2+ 15. Kxh2 $5 Qc7+ 16. Kg1 Qxc5 17. Qxb7 $11 {(½-½. 55) Shariyazdanov,A 
(2572)-Khismatullin,D (2674) Khanty-Mansiysk, 2013.}) 10... Re8 11. d5 Na5 (
11... Ne7 12. e4 h6 13. c4 b6 14. Ne1 $14) 12. e4 c6 $146 {to me, this looks
fine for Black.}) 9. cxd4 Be7 10. O-O O-O 11. Rb1 a6 12. Bd3 Rb8 13. Bd2 (13.
e4 $6 Bg4 14. d5 Nd4 $132) 13... Be6 14. Qc2 g6 15. Rfc1 Ba3 16. Rd1 Qd6 17.
Ng5 $1 Bd5 {[#]} 18. e4 $4 {A lot of moves leave White with a clear advantage,
including Ne4, Bc4, h4; and even f3 is better than the game line. I'm not sure
what I missed here -- maybe the tactic at move 22 -- but Black holds together
despite all his loose pieces.} Nxd4 19. Qc3 Bxa2 $1 20. Ra1 $6 (20. e5 $142
Qxe5 21. Qxa3 Bxb1 22. Rxb1 $13) 20... Bb3 $8 $15 21. Rdb1 $2 (21. Re1 $13)
21... Bc5 $1 (21... Qc5 $2 22. Rxa3 $18) 22. e5 (22. Rxb3 {this would be good
for White, but} Nxb3 23. Qxb3 Rbd8 $8 $19 {wins one of the Bs.}) 22... Qd5 23.
Ne4 $4 {Abysmal.} Qxe4 $1 24. Bxe4 Ne2+ 25. Kf1 Nxc3 26. Bxc3 Bc4+ 27. Ke1 c6
28. Ba5 Bb5 29. Rd1 b6 30. Rac1 Ba3 0-1

[Event "RACC Pickup 1"]
[Site "Ottawa"]
[Date "2017.06.22"]
[Round "5"]
[White "Upper, John"]
[Black "Simic, Dusan"]
[Result "1-0"]
[WhiteElo "2102"]
[BlackElo "2162"]
[Annotator "John Upper"]
[PlyCount "67"]
[EventType "swiss"]
[EventCountry "CAN"]

{[%mdl 32768]} 1. c4 e5 2. Nc3 Nf6 3. Nf3 Nc6 4. e3 d5 5. cxd5 Nxd5 6. Bb5 {
[#] This was a very common position for me in online games. "White plays in
the style of the Taimanov Sicilian with colours reversed" - DC.} Qd6 $5 {
I hadn't seen this before, but SF11 ranks it as Black's second-best, a bit
worse than the main line with ...Nxc3, and it's covered in DB REP, which says:}
(6... Qd6 {can be answered by} 7. O-O Be7 8. d4 {and Black will probably have
to play} Nxc3 {in any case. - DC}) 7. d4 $6 Nxc3 (7... exd4 $1 8. Qxd4 (8. exd4
Bg4 $11) 8... Nxc3 9. Qxc3 Bd7 $11 {(1-0, 45) Isajevsky,A (2403)-Baraeva,M 
(2208) Kazan, 2016.}) 8. bxc3 Bd7 $6 (8... exd4 9. exd4 $14) 9. d5 $2 (9. O-O
$142 exd4 10. cxd4 Be7 11. Bb2 $16 {and White's center is ready to roll.}) 9...
Nb8 10. Bxd7+ $6 (10. Qb3 $142 Bxb5 11. Qxb5+ Nd7 12. Qxb7 (12. O-O $14) 12...
Rb8 13. Qc6 $14) 10... Nxd7 $11 11. e4 Qg6 12. O-O $5 {[#]A gambit, which
Black declines.} Bd6 $6 (12... Qxe4 $1 13. Re1 Qf5 14. Nd4 (14. Qa4 Bd6 $15)
14... Qf6 15. Qa4 (15. f4 $2 O-O-O $1) 15... Bd6 $15 {d6 which computers say
is =/+, but it's within the margin for personal preference: you don't want to
be Black here unless you are comfortable defending... and ...Qd6-g6 are not
the moves of a natural defender.}) 13. Qa4 $1 {So Black can't castle for free.}
Rd8 14. Nh4 $1 Qf6 15. Nf5 Bc5 $6 (15... O-O 16. h4 $1 (16. Nxd6 Nc5 17. Qxa7
Qxd6) 16... h6 17. Qd1 $1 $14 {followed by switching to a kingside attack.
This is a computer-recommended continuation which never would have occurred to
me in any game.... until now.}) 16. Rb1 $1 Bb6 $4 (16... g6 17. Nh6 $16) 17.
Ba3 $18 {It's over: Black's K is stuck.} g6 (17... c5 {doesn't help Black's
position, though it might end his suffering more elegantly:} 18. dxc6 bxc6 19.
Qxc6 $1 Qxc6 20. Nxg7#) 18. Be7 Qxe7 19. Nxe7 Kxe7 $18 {Black is down a Q for
two pieces and has no threats or weaknesses to aim at... but clearly had no
other plans for a Thursday night he played on.} 20. Kh1 $1 g5 21. Qd1 Nf6 22.
Qf3 Rhg8 23. Qf5 Nd7 24. Qxh7 Rg6 25. Qh3 Rdg8 26. Qg4 Rf6 27. Qe2 Rh6 28. c4 {
[%csl Gg3][%cal Gb1b3,Gb3g3,Yg3h3]} Rh4 29. g3 $1 Rh3 30. Kg2 $1 g4 31. f3 Rgh8
32. Rh1 gxf3+ 33. Qxf3 R3h6 34. Rbf1 1-0